<?xml version="1.0" encoding="UTF-8"?>
<record
    xmlns:xsi="http://www.w3.org/2001/XMLSchema-instance"
    xsi:schemaLocation="http://www.loc.gov/MARC21/slim http://www.loc.gov/standards/marcxml/schema/MARC21slim.xsd"
    xmlns="http://www.loc.gov/MARC21/slim">

  <leader>01788nam0a2200385   4500</leader>
  <controlfield tag="001">RU\NLR\BIBL_A\010678237</controlfield>
  <controlfield tag="005">20260407140200.0</controlfield>
  <datafield tag="035" ind1=" " ind2=" ">
    <subfield code="a">(NLR Aleph) 010678237</subfield>
  </datafield>
  <datafield tag="090" ind1=" " ind2=" ">
    <subfield code="a">9635501</subfield>
    <subfield code="c">9635501</subfield>
  </datafield>
  <datafield tag="100" ind1=" " ind2=" ">
    <subfield code="a">20150220d1943    u  y0rusy50      ca</subfield>
  </datafield>
  <datafield tag="101" ind1="0" ind2=" ">
    <subfield code="a">rus</subfield>
  </datafield>
  <datafield tag="102" ind1=" " ind2=" ">
    <subfield code="a">RU</subfield>
  </datafield>
  <datafield tag="105" ind1=" " ind2=" ">
    <subfield code="a">y   z   000yy</subfield>
  </datafield>
  <datafield tag="135" ind1=" " ind2=" ">
    <subfield code="a">crbn 008apadp</subfield>
  </datafield>
  <datafield tag="200" ind1="1" ind2=" ">
    <subfield code="a">&#x41F;&#x430;&#x43C;&#x44F;&#x442;&#x43A;&#x430; &#x43A;&#x440;&#x430;&#x441;&#x43D;&#x43E;&#x444;&#x43B;&#x43E;&#x442;&#x446;&#x443;-&#x437;&#x435;&#x43D;&#x438;&#x442;&#x447;&#x438;&#x43A;&#x443;</subfield>
    <subfield code="f">&#x41F;&#x43E;&#x43B;&#x438;&#x442;. &#x443;&#x43F;&#x440;. &#x41A;&#x440;&#x430;&#x441;&#x43D;&#x43E;&#x437;&#x43D;&#x430;&#x43C;&#x435;&#x43D;&#x43D;&#x43E;&#x433;&#x43E; &#x411;&#x430;&#x43B;&#x442;&#x438;&#x439;&#x441;&#x43A;&#x43E;&#x433;&#x43E; &#x424;&#x43B;&#x43E;&#x442;&#x430;</subfield>
  </datafield>
  <datafield tag="210" ind1=" " ind2=" ">
    <subfield code="a">[&#x41B;&#x435;&#x43D;&#x438;&#x43D;&#x433;&#x440;&#x430;&#x434;]</subfield>
    <subfield code="c">&#x422;&#x438;&#x43F;. &#x41F;&#x43E;&#x43B;&#x438;&#x442;&#x443;&#x43F;&#x440;&#x430;&#x432;&#x43B;&#x435;&#x43D;&#x438;&#x44F; &#x41A;&#x411;&#x424;</subfield>
    <subfield code="d">1943</subfield>
  </datafield>
  <datafield tag="215" ind1=" " ind2=" ">
    <subfield code="a">7, [1] &#x441;.</subfield>
    <subfield code="d">11</subfield>
  </datafield>
  <datafield tag="225" ind1="1" ind2=" ">
    <subfield code="a">&#x421;&#x43C;&#x435;&#x440;&#x442;&#x44C; &#x43D;&#x435;&#x43C;&#x435;&#x446;&#x43A;&#x438;&#x43C; &#x43E;&#x43A;&#x43A;&#x443;&#x43F;&#x430;&#x43D;&#x442;&#x430;&#x43C;!</subfield>
  </datafield>
  <datafield tag="325" ind1=" " ind2=" ">
    <subfield code="a">&#x41A;&#x43E;&#x43F;&#x438;&#x44F; &#x434;&#x43E;&#x441;&#x442;&#x443;&#x43F;&#x43D;&#x430; &#x432; &#x42D;&#x43B;&#x435;&#x43A;&#x442;&#x440;&#x43E;&#x43D;. &#x431;-&#x43A;&#x435; &#x420;&#x41D;&#x411;</subfield>
  </datafield>
  <datafield tag="606" ind1="1" ind2=" ">
    <subfield code="a">&#x417;&#x435;&#x43D;&#x438;&#x442;&#x43D;&#x430;&#x44F; &#x430;&#x440;&#x442;&#x438;&#x43B;&#x43B;&#x435;&#x440;&#x438;&#x44F;</subfield>
    <subfield code="j">&#x41F;&#x430;&#x43C;&#x44F;&#x442;&#x43A;&#x438;</subfield>
    <subfield code="x">&#x411;&#x43E;&#x435;&#x432;&#x43E;&#x435; &#x43F;&#x440;&#x438;&#x43C;&#x435;&#x43D;&#x435;&#x43D;&#x438;&#x435;</subfield>
    <subfield code="9">1125877</subfield>
    <subfield code="3">RU\NLR\AUTH\66446671</subfield>
  </datafield>
  <datafield tag="686" ind1="1" ind2=" ">
    <subfield code="a">&#x426;541.215-91&#x44F;82</subfield>
  </datafield>
  <datafield tag="712" ind1="0" ind2="2">
    <subfield code="4">570</subfield>
    <subfield code="a">&#x411;&#x430;&#x43B;&#x442;&#x438;&#x439;&#x441;&#x43A;&#x438;&#x439; &#x444;&#x43B;&#x43E;&#x442;</subfield>
    <subfield code="b">&#x41F;&#x43E;&#x43B;&#x438;&#x442;&#x438;&#x447;&#x435;&#x441;&#x43A;&#x43E;&#x435; &#x443;&#x43F;&#x440;&#x430;&#x432;&#x43B;&#x435;&#x43D;&#x438;&#x435;</subfield>
    <subfield code="3">RU\NLR\AUTH\8810005574</subfield>
    <subfield code="9">508529</subfield>
  </datafield>
  <datafield tag="852" ind1=" " ind2=" ">
    <subfield code="a">NLR</subfield>
    <subfield code="j">II &#x41B;3-259/1-102</subfield>
  </datafield>
  <datafield tag="856" ind1=" " ind2="0">
    <subfield code="u">http://vivaldi.nlr.ru/ab000002562/view</subfield>
  </datafield>
  <datafield tag="856" ind1=" " ind2="1">
    <subfield code="u">http://vivaldi.nlr.ru/ab000002562/cover</subfield>
  </datafield>
  <datafield tag="856" ind1=" " ind2="2">
    <subfield code="u">http://vivaldi.nlr.ru/ab000002562/text</subfield>
  </datafield>
  <datafield tag="901" ind1=" " ind2=" ">
    <subfield code="e">&#x41A;&#x43D;&#x438;&#x436;&#x43D;&#x44B;&#x435; &#x438;&#x437;&#x434;&#x430;&#x43D;&#x438;&#x44F;</subfield>
  </datafield>
  <datafield tag="942" ind1=" " ind2=" ">
    <subfield code="c">BOOK</subfield>
  </datafield>
  <datafield tag="945" ind1=" " ind2=" ">
    <subfield code="a">&#x420;&#x43E;&#x441;&#x441;&#x438;&#x439;&#x441;&#x43A;&#x430;&#x44F; &#x43D;&#x430;&#x446;&#x438;&#x43E;&#x43D;&#x430;&#x43B;&#x44C;&#x43D;&#x430;&#x44F; &#x431;&#x438;&#x431;&#x43B;&#x438;&#x43E;&#x442;&#x435;&#x43A;&#x430;</subfield>
  </datafield>
  <datafield tag="980" ind1=" " ind2=" ">
    <subfield code="a">NB</subfield>
  </datafield>
  <datafield tag="980" ind1=" " ind2=" ">
    <subfield code="a">BV</subfield>
  </datafield>
  <datafield tag="981" ind1="3" ind2="7">
    <subfield code="a">(37) &#x41B;&#x435;&#x43D;&#x438;&#x43D;&#x433;&#x440;&#x430;&#x434; &#x432; &#x412;&#x435;&#x43B;&#x438;&#x43A;&#x43E;&#x439; &#x41E;&#x442;&#x435;&#x447;&#x435;&#x441;&#x442;&#x432;&#x435;&#x43D;&#x43D;&#x43E;&#x439; &#x432;&#x43E;&#x439;&#x43D;&#x435;</subfield>
    <subfield code="b">(37) &#x41A;&#x43D;&#x438;&#x433;&#x438; &#x431;&#x43B;&#x43E;&#x43A;&#x430;&#x434;&#x43D;&#x43E;&#x433;&#x43E; &#x41B;&#x435;&#x43D;&#x438;&#x43D;&#x433;&#x440;&#x430;&#x434;&#x430;</subfield>
  </datafield>
  <datafield tag="981" ind1="3" ind2="4">
    <subfield code="a">(34) &#x421;&#x430;&#x43D;&#x43A;&#x442;-&#x41F;&#x435;&#x442;&#x435;&#x440;&#x431;&#x443;&#x440;&#x433;</subfield>
  </datafield>
  <datafield tag="995" ind1=" " ind2=" ">
    <subfield code="5">2015-03-16</subfield>
    <subfield code="b">NLR02</subfield>
    <subfield code="c">NLR02</subfield>
    <subfield code="e">RFS</subfield>
    <subfield code="f">1-76441</subfield>
    <subfield code="k">II &#x41B;3-259/1-102</subfield>
    <subfield code="o">0</subfield>
    <subfield code="r">BOOK</subfield>
    <subfield code="s">II_32591102</subfield>
  </datafield>
</record>
